[Event "14. Obert Int. Sant Marti 2012"]
[Site "Barcelona ESP"]
[Date "2012.07.18"]
[Round "6.50"]
[White "Severri Arrese, Carlos"]
[Black "Roig Ruiz, Carles"]
[Result "1/2-1/2"]
[WhiteElo "1996"]
[BlackElo "1832"]
[PlyCount "40"]
[EventDate "2012.07.13"]
[EventType "swiss"]
[EventRounds "9"]
[EventCountry "ESP"]
[SourceTitle "Ajedrez en Madrid"]
[Source "lmi"]
[SourceDate "2012.07.13"]
[SourceVersion "1"]
[SourceVersionDate "2019.06.21"]
[SourceQuality "1"]

1. e4 g6 2. f4 Bg7 3. d4 c6 4. Nf3 d5 5. e5 h5 6. Be3 Nh6 7. c3 Bf5 8. Qb3 Qb6
9. Nbd2 O-O 10. h3 Nd7 11. Bf2 Rfe8 12. Nh4 e6 13. Be2 Bf8 14. Nhf3 a5 15. c4
dxc4 16. Nxc4 Qxb3 17. axb3 Bb4+ 18. Kf1 b5 19. Ne3 Nb6 20. Ng5 Nd5 1/2-1/2

[Event "14. Obert Int. Sant Marti 2012"]
[Site "Barcelona ESP"]
[Date "2012.07.18"]
[Round "6.51"]
[White "Nadal Fajardo, Ricard"]
[Black "Escobar Figueroa, Sandra"]
[Result "1-0"]
[WhiteElo "1707"]
[BlackElo "1842"]
[PlyCount "71"]
[EventDate "2012.07.13"]
[EventType "swiss"]
[EventRounds "9"]
[EventCountry "ESP"]
[SourceTitle "Ajedrez en Madrid"]
[Source "lmi"]
[SourceDate "2012.07.13"]
[SourceVersion "1"]
[SourceVersionDate "2019.06.21"]
[SourceQuality "1"]

1. d4 d5 2. Nf3 Nf6 3. g3 Bg4 4. Bg2 e6 5. c3 Nbd7 6. h3 Bh5 7. Bf4 c5 8. e3
Qb6 9. Qb3 c4 10. Qxb6 axb6 11. Nbd2 Be7 12. O-O O-O 13. Rfe1 b5 14. a3 Nb6 15.
g4 Bg6 16. Ne5 Nfd7 17. Nxg6 hxg6 18. e4 Nf6 19. Bc7 Bd8 20. Bxb6 Bxb6 21. exd5
Nxd5 22. Bxd5 exd5 23. Re7 Rab8 24. Rae1 Rfd8 25. Nf3 f6 26. R1e6 Ba5 27. Nh4
Rf8 28. Nxg6 Rf7 29. h4 Rxe7 30. Rxe7 Kh7 31. h5 Kh6 32. Kh2 f5 33. gxf5 Kxh5
34. Rd7 Rd8 35. Rxb7 Kg5 36. Rxb5 1-0

[Event "14. Obert Int. Sant Marti 2012"]
[Site "Barcelona ESP"]
[Date "2012.07.19"]
[Round "7.1"]
[White "Moskalenko, Viktor"]
[Black "Cruz, Jonathan"]
[Result "1-0"]
[WhiteElo "2591"]
[BlackElo "2418"]
[PlyCount "77"]
[EventDate "2012.07.13"]
[EventType "swiss"]
[EventRounds "9"]
[EventCountry "ESP"]
[SourceTitle "Ajedrez en Madrid"]
[Source "lmi"]
[SourceDate "2012.07.13"]
[SourceVersion "1"]
[SourceVersionDate "2019.06.21"]
[SourceQuality "1"]

1. d4 d5 2. c4 e5 3. dxe5 d4 4. Nf3 Nc6 5. Nbd2 Bg4 6. h3 Bxf3 7. Nxf3 Bb4+ 8.
Bd2 Qe7 9. g3 Nxe5 10. Nxe5 Bxd2+ 11. Qxd2 Qxe5 12. O-O-O Rd8 13. e3 Ne7 14.
exd4 Qf6 15. Bg2 c5 16. Qf4 Qxf4+ 17. gxf4 cxd4 18. Bxb7 O-O 19. Rhe1 Rd7 20.
Be4 Rc8 21. b3 f5 22. Bd3 g6 23. Kb2 Nc6 24. Bf1 Kf7 25. Bg2 Ne7 26. Rd2 Kf6
27. Red1 Rcd8 28. b4 g5 29. fxg5+ Kxg5 30. c5 Ng6 31. Kb3 Nf4 32. c6 Re7 33.
Bf1 Rd6 34. b5 d3 35. Bxd3 Nxh3 36. Bc4 Rf6 37. Rd7 Re8 38. Rd8 Re7 39. R1d7
1-0

[Event "14. Obert Int. Sant Marti 2012"]
[Site "Barcelona ESP"]
[Date "2012.07.19"]
[Round "7.2"]
[White "Saptarshi, Roy"]
[Black "Perez Mitjans, Orelvis"]
[Result "1-0"]
[WhiteElo "2389"]
[BlackElo "2504"]
[PlyCount "83"]
[EventDate "2012.07.13"]
[EventType "swiss"]
[EventRounds "9"]
[EventCountry "ESP"]
[SourceTitle "Ajedrez en Madrid"]
[Source "lmi"]
[SourceDate "2012.07.13"]
[SourceVersion "1"]
[SourceVersionDate "2019.06.21"]
[SourceQuality "1"]

1. e4 c5 2. Nf3 Nc6 3. Bc4 d6 4. d3 e6 5. Bb3 Be7 6. O-O Nf6 7. c3 O-O 8. Re1
b5 9. Nbd2 a5 10. a3 Rb8 11. Bc2 Qc7 12. d4 e5 13. d5 Na7 14. h3 c4 15. Nf1 Bd7
16. Bd2 Nc8 17. Ng3 Nb6 18. Nh4 g6 19. Bh6 Rfc8 20. Qd2 Kh8 21. Bg5 b4 22. axb4
axb4 23. f4 b3 24. Bb1 Be8 25. fxe5 dxe5 26. Nhf5 Bd8 27. d6 Qc5+ 28. Kh1 Ng8
29. Bh6 Bf6 30. Nh5 Nd7 31. Nxf6 Ngxf6 32. Bg7+ Kg8 33. Qh6 gxf5 34. Bxf6 Nxf6
35. Qg5+ Kf8 36. Qxf6 Kg8 37. exf5 Bc6 38. Be4 Qf2 39. Bxc6 Rxc6 40. Qg5+ Kh8
41. f6 Rg8 42. Qxg8+ 1-0

[Event "14. Obert Int. Sant Marti 2012"]
[Site "Barcelona ESP"]
[Date "2012.07.19"]
[Round "7.3"]
[White "Quesada Perez, Yuniesky"]
[Black "Cruz, Filemon"]
[Result "1-0"]
[WhiteElo "2626"]
[BlackElo "2404"]
[PlyCount "63"]
[EventDate "2012.07.13"]
[EventType "swiss"]
[EventRounds "9"]
[EventCountry "ESP"]
[SourceTitle "Ajedrez en Madrid"]
[Source "lmi"]
[SourceDate "2012.07.13"]
[SourceVersion "1"]
[SourceVersionDate "2019.06.21"]
[SourceQuality "1"]

1. e4 c5 2. Nf3 d6 3. d4 cxd4 4. Nxd4 Nf6 5. Nc3 a6 6. Be3 e6 7. f3 Be7 8. Qd2
Nc6 9. g4 Nd7 10. O-O-O Nde5 11. Be2 O-O 12. f4 Nxd4 13. Qxd4 Nc6 14. Qb6 Qe8
15. g5 Bd7 16. Bf2 Qb8 17. Kb1 Rc8 18. h4 Bd8 19. Qe3 b5 20. e5 d5 21. Ne4 Ne7
22. Ng3 b4 23. h5 Ba4 24. Bd3 Bb5 25. g6 fxg6 26. hxg6 hxg6 27. f5 Bxd3 28.
Qxd3 exf5 29. e6 Rc6 30. Rde1 Qb5 31. Qd2 Rac8 32. Bd4 1-0

[Event "14. Obert Int. Sant Marti 2012"]
[Site "Barcelona ESP"]
[Date "2012.07.19"]
[Round "7.4"]
[White "Cordova, Emilio"]
[Black "Beltran Rueda, Santiago"]
[Result "1/2-1/2"]
[WhiteElo "2584"]
[BlackElo "2383"]
[PlyCount "122"]
[EventDate "2012.07.13"]
[EventType "swiss"]
[EventRounds "9"]
[EventCountry "ESP"]
[SourceTitle "Ajedrez en Madrid"]
[Source "lmi"]
[SourceDate "2012.07.13"]
[SourceVersion "1"]
[SourceVersionDate "2019.06.21"]
[SourceQuality "1"]

1. Nf3 c5 2. e3 Nf6 3. d4 g6 4. Be2 Bg7 5. O-O O-O 6. dxc5 Qa5 7. a3 Qxc5 8. b4
Qc7 9. Bb2 d6 10. c4 Bg4 11. Nbd2 Nc6 12. Rc1 Rac8 13. h3 Bxf3 14. Nxf3 Rfd8
15. Qb3 Nd7 16. Bxg7 Kxg7 17. Ng5 Nf6 18. c5 d5 19. b5 Nb8 20. Qb2 Nbd7 21. c6
bxc6 22. Rxc6 Qe5 23. Qxe5 Nxe5 24. Ra6 Rd7 25. Nf3 Nxf3+ 26. Bxf3 Rb7 27. Rb1
e6 28. Ra4 Rc3 29. Rb2 Nd7 30. Ra2 Nc5 31. Rb4 Nd3 32. Rb1 a5 33. a4 Nc5 34.
Kf1 Rc4 35. Be2 Rxa4 36. Rxa4 Nxa4 37. Ra1 Nc3 38. Rxa5 Kf6 39. Bd3 Ke7 40. Ke1
Kd6 41. Ra6+ Kd7 42. Ra5 Kd6 43. Kd2 Ne4+ 44. Bxe4 dxe4 45. Kc3 Kc5 46. Ra4
Kxb5 47. Rb4+ Kc6 48. Rxb7 Kxb7 49. Kd4 Kc6 50. Ke5 Kd7 51. Kf6 Ke8 52. g4 Kf8
53. h4 h6 54. Ke5 Ke7 55. Kxe4 f6 56. Kd4 Kd6 57. e4 h5 58. gxh5 gxh5 59. e5+
fxe5+ 60. Ke4 Ke7 61. Kxe5 Kf7 1/2-1/2

[Event "14. Obert Int. Sant Marti 2012"]
[Site "Barcelona ESP"]
[Date "2012.07.19"]
[Round "7.5"]
[White "Ortiz Suarez, Isan Reynaldo"]
[Black "Hernandez Carmenates, Holden"]
[Result "1-0"]
[WhiteElo "2562"]
[BlackElo "2569"]
[PlyCount "107"]
[EventDate "2012.07.13"]
[EventType "swiss"]
[EventRounds "9"]
[EventCountry "ESP"]
[SourceTitle "Ajedrez en Madrid"]
[Source "lmi"]
[SourceDate "2012.07.13"]
[SourceVersion "1"]
[SourceVersionDate "2019.06.21"]
[SourceQuality "1"]

1. e4 Nf6 2. e5 Nd5 3. d4 d6 4. Nf3 g6 5. Bc4 Nb6 6. Bb3 a5 7. Ng5 d5 8. c3 Bg7
9. Bc2 h6 10. Nf3 Be6 11. O-O a4 12. Nbd2 Qd7 13. Re1 Nc6 14. Nf1 Bf5 15. Bxf5
Qxf5 16. Ng3 Qe6 17. Ne2 Qd7 18. Nf4 e6 19. h4 h5 20. Nd3 Ne7 21. Bg5 Nf5 22.
Nh2 Bh6 23. Bf6 Bg7 24. Bxg7 Nxg7 25. Nf3 Nf5 26. g3 Qb5 27. Rb1 Nc8 28. Qd2
Nce7 29. b3 axb3 30. axb3 O-O 31. Nc1 c5 32. Qg5 cxd4 33. cxd4 Rfc8 34. Ne2 Ra2
35. Nf4 Rc3 36. Nh2 Qb4 37. Rbd1 Qxb3 38. Nxh5 Rcc2 39. Ng4 Qf3 40. Rc1 Qc3 41.
Red1 Nc6 42. Rxc2 Rxc2 43. Nhf6+ Kh8 44. h5 Ncxd4 45. Rxd4 Qe1+ 46. Kg2 Rc1 47.
Nh2 Qh1+ 48. Kh3 Rg1 49. Ra4 Kg7 50. Ne8+ Kf8 51. Nd6 Qg2+ 52. Kg4 Ne3+ 53.
Qxe3 gxh5+ 54. Kg5 1-0

[Event "14. Obert Int. Sant Marti 2012"]
[Site "Barcelona ESP"]
[Date "2012.07.19"]
[Round "7.6"]
[White "Deepan, Chakkravarthy J"]
[Black "Asis Gargatagli, Hipolito"]
[Result "1-0"]
[WhiteElo "2468"]
[BlackElo "2482"]
[PlyCount "27"]
[EventDate "2012.07.13"]
[EventType "swiss"]
[EventRounds "9"]
[EventCountry "ESP"]
[SourceTitle "Ajedrez en Madrid"]
[Source "lmi"]
[SourceDate "2012.07.13"]
[SourceVersion "1"]
[SourceVersionDate "2019.06.21"]
[SourceQuality "1"]

1. e4 d5 2. exd5 Qxd5 3. Nc3 Qa5 4. d4 Nf6 5. Bc4 Bg4 6. Nf3 e6 7. h3 Bh5 8.
Bd2 Bb4 9. a3 Bxc3 10. Bxc3 Qb6 11. Qe2 c6 12. O-O-O Nd5 13. Bxd5 cxd5 14. Qe5
1-0

[Event "14. Obert Int. Sant Marti 2012"]
[Site "Barcelona ESP"]
[Date "2012.07.19"]
[Round "7.7"]
[White "Laxman, R R.."]
[Black "Cuartas, Jaime Alexander"]
[Result "1-0"]
[WhiteElo "2422"]
[BlackElo "2523"]
[PlyCount "79"]
[EventDate "2012.07.13"]
[EventType "swiss"]
[EventRounds "9"]
[EventCountry "ESP"]
[SourceTitle "Ajedrez en Madrid"]
[Source "lmi"]
[SourceDate "2012.07.13"]
[SourceVersion "1"]
[SourceVersionDate "2019.06.21"]
[SourceQuality "1"]

1. Nf3 d5 2. d4 Nf6 3. c4 c6 4. e3 Bf5 5. Nc3 e6 6. Nh4 Bg4 7. Qb3 Qc7 8. h3
Bh5 9. g4 Bg6 10. Nxg6 hxg6 11. Bg2 Nbd7 12. g5 dxc4 13. Qxc4 Nb6 14. Qb3 Nfd5
15. Bd2 a5 16. a3 Be7 17. h4 a4 18. Qa2 Bd6 19. Ne2 Ne7 20. e4 Qd7 21. Be3 Bc7
22. O-O-O Nec8 23. Kb1 Nd6 24. Rc1 Nb5 25. Ka1 Nc8 26. d5 Ne7 27. Nd4 Nxd4 28.
Bxd4 Bf4 29. Rcd1 e5 30. Bc5 cxd5 31. exd5 Nf5 32. d6 Rc8 33. Qd5 b5 34. Bh3
Kf8 35. h5 Rg8 36. hxg6 fxg6 37. Bxf5 gxf5 38. g6 Bg5 39. Rh5 Bf6 40. Rdh1 1-0

[Event "14. Obert Int. Sant Marti 2012"]
[Site "Barcelona ESP"]
[Date "2012.07.19"]
[Round "7.8"]
[White "Pulvett, Daniel"]
[Black "Munoz Pantoja, Miguel"]
[Result "0-1"]
[WhiteElo "2383"]
[BlackElo "2496"]
[PlyCount "84"]
[EventDate "2012.07.13"]
[EventType "swiss"]
[EventRounds "9"]
[EventCountry "ESP"]
[SourceTitle "Ajedrez en Madrid"]
[Source "lmi"]
[SourceDate "2012.07.13"]
[SourceVersion "1"]
[SourceVersionDate "2019.06.21"]
[SourceQuality "1"]

1. d4 Nf6 2. c4 c5 3. d5 g6 4. Nc3 Bg7 5. e4 d6 6. h3 O-O 7. Nf3 e6 8. Bd3 exd5
9. cxd5 b5 10. Nxb5 Nxe4 11. O-O a6 12. Na3 Nf6 13. Nc4 Re8 14. Bg5 Bb7 15. Bc2
Qc7 16. Ba4 Nbd7 17. Bxf6 Bxf6 18. Qd3 Re7 19. Rae1 Rae8 20. b3 Rxe1 21. Rxe1
Rxe1+ 22. Nxe1 Ne5 23. Nxe5 Bxe5 24. Nf3 Bf6 25. Nd2 Qe7 26. Bc6 Bc8 27. Kf1
Bd4 28. Qe2 Qc7 29. h4 Kg7 30. h5 Qd8 31. Nf3 Qf6 32. Qd2 gxh5 33. Nxd4 cxd4
34. b4 Bf5 35. Bb7 d3 36. Kg1 Qa1+ 37. Kh2 Qe5+ 38. f4 Qe2 39. Qc3+ f6 40. Qc7+
Kg6 41. Qxd6 d2 42. Qf8 Qg4 0-1

[Event "14. Obert Int. Sant Marti 2012"]
[Site "Barcelona ESP"]
[Date "2012.07.19"]
[Round "7.9"]
[White "Escobar Forero, Alder"]
[Black "Vigoa Apecheche, Yanira"]
[Result "1-0"]
[WhiteElo "2487"]
[BlackElo "2269"]
[PlyCount "77"]
[EventDate "2012.07.13"]
[EventType "swiss"]
[EventRounds "9"]
[EventCountry "ESP"]
[SourceTitle "Ajedrez en Madrid"]
[Source "lmi"]
[SourceDate "2012.07.13"]
[SourceVersion "1"]
[SourceVersionDate "2019.06.21"]
[SourceQuality "1"]

1. e4 c5 2. Nf3 Nc6 3. d4 cxd4 4. Nxd4 Nf6 5. Nc3 e5 6. Ndb5 d6 7. Bg5 a6 8.
Na3 Be6 9. Nc4 b5 10. Bxf6 Qxf6 11. Ne3 Qd8 12. a4 b4 13. Ncd5 Be7 14. g3 O-O
15. h4 Kh8 16. Bh3 Rb8 17. Kf1 Qd7 18. Kg2 a5 19. Qd3 Nd4 20. Rad1 Rfc8 21. c3
Bxh3+ 22. Rxh3 bxc3 23. bxc3 Ne6 24. Nxe7 Qxe7 25. Nf5 Qc7 26. Nxd6 Rd8 27.
Rhh1 Qe7 28. Rd2 h6 29. Rhd1 Rb6 30. Nf5 Qc7 31. Qf3 Rf8 32. Rd7 Qc8 33. Re7
Qc4 34. Nd6 Rxd6 35. Rxd6 Kg8 36. Qg4 Nc5 37. Rc6 Qxe4+ 38. Qxe4 Nxe4 39. Rxe5
1-0

[Event "14. Obert Int. Sant Marti 2012"]
[Site "Barcelona ESP"]
[Date "2012.07.19"]
[Round "7.10"]
[White "Anurag, Mhamal"]
[Black "Panelo, Marcelo"]
[Result "1-0"]
[WhiteElo "2301"]
[BlackElo "2452"]
[PlyCount "79"]
[EventDate "2012.07.13"]
[EventType "swiss"]
[EventRounds "9"]
[EventCountry "ESP"]
[SourceTitle "Ajedrez en Madrid"]
[Source "lmi"]
[SourceDate "2012.07.13"]
[SourceVersion "1"]
[SourceVersionDate "2019.06.21"]
[SourceQuality "1"]

1. c4 e6 2. g3 d5 3. Bg2 Nf6 4. Nf3 dxc4 5. Qa4+ c6 6. Qxc4 b5 7. Qc2 Bb7 8.
O-O Nbd7 9. a4 Rc8 10. d3 Be7 11. b3 O-O 12. Ba3 a6 13. Bxe7 Qxe7 14. Nbd2 Rfd8
15. Rfc1 h6 16. Qb2 Qd6 17. Nd4 Nd5 18. Ne4 Qe7 19. Nc3 N7f6 20. Nxd5 Nxd5 21.
Nf3 b4 22. Nd2 c5 23. Rc4 Ba8 24. Re1 Nb6 25. Rc2 h5 26. Bxa8 Rxa8 27. Rec1 Rd5
28. Nc4 Nd7 29. Ne3 Rg5 30. d4 h4 31. dxc5 hxg3 32. hxg3 Nxc5 33. Qd4 Rc8 34.
Qxb4 Qd6 35. Qh4 Qe5 36. b4 Rh5 37. Rxc5 Rxc5 38. Qd8+ Kh7 39. Rxc5 Qa1+ 40.
Qd1 1-0

[Event "14. Obert Int. Sant Marti 2012"]
[Site "Barcelona ESP"]
[Date "2012.07.19"]
[Round "7.11"]
[White "Tomov, Georgi"]
[Black "Alarcon Casellas, Rolando"]
[Result "0-1"]
[WhiteElo "2263"]
[BlackElo "2436"]
[PlyCount "114"]
[EventDate "2012.07.13"]
[EventType "swiss"]
[EventRounds "9"]
[EventCountry "ESP"]
[SourceTitle "Ajedrez en Madrid"]
[Source "lmi"]
[SourceDate "2012.07.13"]
[SourceVersion "1"]
[SourceVersionDate "2019.06.21"]
[SourceQuality "1"]

1. Nf3 d5 2. e3 Nf6 3. c4 c6 4. Nc3 dxc4 5. Bxc4 b5 6. Bb3 e6 7. O-O Bb7 8. d4
a6 9. Qe2 c5 10. dxc5 Nbd7 11. e4 Bxc5 12. Bf4 Nh5 13. Bd2 O-O 14. Rad1 Qc7 15.
Rfe1 g6 16. Bh6 Rfe8 17. Rc1 Bc6 18. e5 Bxf3 19. Qxf3 Nxe5 20. Qe2 Nc4 21. Bxc4
bxc4 22. Ne4 Rec8 23. b3 Bf8 24. Bxf8 Rxf8 25. Qb2 Qe7 26. Rxc4 Rac8 27. g4
Rxc4 28. bxc4 f5 29. gxh5 fxe4 30. Qe5 Rf5 31. Qxe4 Qg5+ 32. Kh1 Rxf2 33. hxg6
hxg6 34. Rg1 Qf5 35. Qxf5 Rxf5 36. Rxg6+ Kf7 37. Rg4 Rf1+ 38. Kg2 Ra1 39. Rf4+
Kg6 40. c5 Rxa2+ 41. Rf2 Ra5 42. Rc2 Kf6 43. c6 Rg5+ 44. Kf3 Rg8 45. c7 Rc8 46.
Ke4 a5 47. Rc4 a4 48. Kd3 e5 49. Kc3 e4 50. Kb4 e3 51. Kxa4 Kf5 52. Kb5 e2 53.
Rc1 Rxc7 54. Rxc7 e1=Q 55. Rf7+ Ke6 56. Rf8 Qe5+ 57. Kc4 Qd5+ 0-1

[Event "14. Obert Int. Sant Marti 2012"]
[Site "Barcelona ESP"]
[Date "2012.07.19"]
[Round "7.12"]
[White "Lorenzo De La Riva, Lazaro"]
[Black "Napoli, Nicolo'"]
[Result "1-0"]
[WhiteElo "2422"]
[BlackElo "2298"]
[PlyCount "67"]
[EventDate "2012.07.13"]
[EventType "swiss"]
[EventRounds "9"]
[EventCountry "ESP"]
[SourceTitle "Ajedrez en Madrid"]
[Source "lmi"]
[SourceDate "2012.07.13"]
[SourceVersion "1"]
[SourceVersionDate "2019.06.21"]
[SourceQuality "1"]

1. e4 g6 2. d4 Bg7 3. Nc3 c6 4. f4 d5 5. e5 Qb6 6. Be2 f6 7. h4 Be6 8. h5 c5 9.
Nf3 Nc6 10. dxc5 Qxc5 11. Nb5 Qb6 12. Nfd4 Nxd4 13. Qxd4 Qc6 14. exf6 Bxf6 15.
Qe3 Kf7 16. Nd4 Qb6 17. Nxe6 Qxe6 18. Qxe6+ Kxe6 19. g4 gxh5 20. Rxh5 Kd6 21.
Bd2 e6 22. O-O-O Bg7 23. g5 Ne7 24. Bb4+ Kd7 25. Bg4 Rae8 26. Rdh1 h6 27. gxh6
Bd4 28. Rd1 Nc6 29. Rxd5+ Kc7 30. Bd6+ Kb6 31. R5xd4 Nxd4 32. Rxd4 Rxh6 33. f5
Rh4 34. Re4 1-0

[Event "14. Obert Int. Sant Marti 2012"]
[Site "Barcelona ESP"]
[Date "2012.07.19"]
[Round "7.13"]
[White "Turov, Maxim"]
[Black "Sanchez Ibern, Marc"]
[Result "1-0"]
[WhiteElo "2642"]
[BlackElo "2364"]
[PlyCount "99"]
[EventDate "2012.07.13"]
[EventType "swiss"]
[EventRounds "9"]
[EventCountry "ESP"]
[SourceTitle "Ajedrez en Madrid"]
[Source "lmi"]
[SourceDate "2012.07.13"]
[SourceVersion "1"]
[SourceVersionDate "2019.06.21"]
[SourceQuality "1"]

1. c4 Nf6 2. Nc3 d5 3. cxd5 Nxd5 4. g3 g6 5. Bg2 Nxc3 6. bxc3 Bg7 7. Rb1 Nc6 8.
h4 h6 9. Nf3 O-O 10. d4 e5 11. d5 e4 12. dxc6 exf3 13. Qxd8 Bxc3+ 14. Kf1 Rxd8
15. Bxf3 b6 16. Bxh6 Bf5 17. Rc1 Bd2 18. Bxd2 Rxd2 19. a3 a5 20. Kg2 Bc2 21.
Rxc2 Rxc2 22. Rd1 Re8 23. Rd7 Kf8 24. Rxc7 Re7 25. Rb7 a4 26. Rb8+ Kg7 27. Rxb6
Rc3 28. Ra6 Rxa3 29. Bd5 Ra1 30. e4 a3 31. g4 Rc7 32. Kg3 Re7 33. Kf4 Rh1 34.
Kg3 Rg1+ 35. Kf4 Rh1 36. Rxa3 Rxh4 37. Rb3 Rh8 38. Rb7 Rhe8 39. g5 Kf8 40. Ke3
Rc8 41. Kd4 Rec7 42. f4 Ke8 43. Rxc7 Rxc7 44. Ke5 Ke7 45. f5 gxf5 46. exf5 Ra7
47. f6+ Kd8 48. Bxf7 Rxf7 49. g6 Rf8 50. g7 1-0

[Event "14. Obert Int. Sant Marti 2012"]
[Site "Barcelona ESP"]
[Date "2012.07.19"]
[Round "7.14"]
[White "Rodriguez, Eric"]
[Black "Barsov, Alexei"]
[Result "0-1"]
[WhiteElo "2327"]
[BlackElo "2539"]
[PlyCount "124"]
[EventDate "2012.07.13"]
[EventType "swiss"]
[EventRounds "9"]
[EventCountry "ESP"]
[SourceTitle "Ajedrez en Madrid"]
[Source "lmi"]
[SourceDate "2012.07.13"]
[SourceVersion "1"]
[SourceVersionDate "2019.06.21"]
[SourceQuality "1"]

1. Nf3 d5 2. c4 d4 3. b4 f6 4. e3 e5 5. c5 a5 6. Bb5+ Nc6 7. O-O Nge7 8. d3 Bg4
9. bxa5 Rxa5 10. a4 dxe3 11. fxe3 e4 12. Qe1 Rxb5 13. axb5 exf3 14. bxc6 Nxc6
15. d4 fxg2 16. Rf4 h5 17. Nc3 Rh6 18. Qd2 Rg6 19. Qc2 f5 20. Qb3 b6 21. cxb6
cxb6 22. Ba3 Bxa3 23. Rxa3 Kf8 24. Ra2 Na5 25. Qb4+ Kg8 26. Qb5 Re6 27. Qd5
Qxd5 28. Nxd5 Nc4 29. Kxg2 Nxe3+ 30. Nxe3 Rxe3 31. h4 Rh3 32. Rff2 Kf7 33. Rab2
Rd3 34. Rf4 g5 35. Rff2 Rxd4 36. Rxb6 gxh4 37. Kh2 f4 38. Ra6 Be6 39. Rb2 f3
40. Rf2 Rd3 41. Ra4 Bg4 42. Ra6 Re3 43. Rb6 Kg7 44. Rd6 Re2 45. Rd2 Kg6 46. Rb2
Kg5 47. Ra2 Re5 48. Rab2 Kf4 49. Ra2 Re1 50. Rfb2 Be6 51. Ra6 Bf5 52. Rf2 Bg4
53. Raa2 Ke3 54. Rfb2 Kf4 55. Ra3 Re5 56. Rf2 Re1 57. Rb3 Re8 58. Ra3 Re2 59.
Kg1 Re1+ 60. Kh2 h3 61. Rb3 Re2 62. Rb2 Ke3 0-1

[Event "14. Obert Int. Sant Marti 2012"]
[Site "Barcelona ESP"]
[Date "2012.07.19"]
[Round "7.15"]
[White "Gonzalez Garcia, Jose"]
[Black "Larduet Despaigne, Carlos"]
[Result "1-0"]
[WhiteElo "2518"]
[BlackElo "2370"]
[PlyCount "159"]
[EventDate "2012.07.13"]
[EventType "swiss"]
[EventRounds "9"]
[EventCountry "ESP"]
[SourceTitle "Ajedrez en Madrid"]
[Source "lmi"]
[SourceDate "2012.07.13"]
[SourceVersion "1"]
[SourceVersionDate "2019.06.21"]
[SourceQuality "1"]

1. d4 d5 2. c4 c6 3. Nf3 Nf6 4. e3 g6 5. Nc3 Bg7 6. Be2 O-O 7. O-O dxc4 8. Bxc4
Bg4 9. h3 Bxf3 10. Qxf3 Nbd7 11. Rd1 e5 12. d5 Qe7 13. dxc6 e4 14. Nxe4 Ne5 15.
Nxf6+ Bxf6 16. Qe4 Nxc4 17. Qxc4 Rac8 18. Bd2 Rxc6 19. Qb4 Qxb4 20. Bxb4 Rfc8
21. Rab1 Rc2 22. Rd7 Bxb2 23. Rxb7 Be5 24. Rb5 Rb2 25. Be1 Rxb5 26. Rxb5 Rc1
27. Rxe5 Rxe1+ 28. Kh2 Re2 29. Ra5 Rxf2 30. Kg3 Rf1 31. Rxa7 Kg7 32. Rb7 g5 33.
Rb5 Kg6 34. a4 h5 35. h4 gxh4+ 36. Kxh4 f6 37. Kg3 f5 38. a5 Kf6 39. Rb8 Ra1
40. Ra8 Ra4 41. a6 Kg7 42. a7 Kh7 43. Kh3 Kg7 44. g3 Kh7 45. Kg2 Kg7 46. Kf3
Kh7 47. Ke2 Kg7 48. Kd3 Ra1 49. Kc4 Ra5 50. Kb4 Ra1 51. Kc5 Ra2 52. Kb6 Rb2+
53. Kc6 Ra2 54. Kd6 Ra3 55. Kd5 Kh7 56. Kd4 Kg7 57. Kc4 Ra5 58. Kc3 Ra6 59. Kd3
Ra1 60. Ke2 Ra3 61. Kf2 Ra1 62. Kf3 Rf1+ 63. Ke2 Ra1 64. Kd2 Ra3 65. Kc2 Ra1
66. Kb3 Ra6 67. Kb4 Ra1 68. Kc5 Ra2 69. Kd6 Ra3 70. Kd5 Kh7 71. Rf8 Rxa7 72.
Rxf5 Kg6 73. Rf8 Ra3 74. Ke4 Ra4+ 75. Ke5 Kg7 76. Rf5 Rg4 77. Rxh5 Rxg3 78. Kf4
Rg1 79. Rg5+ Rxg5 80. Kxg5 1-0

[Event "14. Obert Int. Sant Marti 2012"]
[Site "Barcelona ESP"]
[Date "2012.07.19"]
[Round "7.16"]
[White "Krishna, C R G.."]
[Black "Lopez Martinez, Josep Manuel"]
[Result "0-1"]
[WhiteElo "2273"]
[BlackElo "2509"]
[PlyCount "108"]
[EventDate "2012.07.13"]
[EventType "swiss"]
[EventRounds "9"]
[EventCountry "ESP"]
[SourceTitle "Ajedrez en Madrid"]
[Source "lmi"]
[SourceDate "2012.07.13"]
[SourceVersion "1"]
[SourceVersionDate "2019.06.21"]
[SourceQuality "1"]

1. d4 e6 2. c4 b6 3. Nf3 Bb7 4. g3 Bb4+ 5. Bd2 Bxf3 6. exf3 Bxd2+ 7. Qxd2 d5 8.
Nc3 Ne7 9. f4 O-O 10. Bg2 c6 11. b3 Nd7 12. O-O Nf6 13. c5 bxc5 14. dxc5 Qa5
15. Rfc1 Rab8 16. Rc2 Qa3 17. Rd1 Rfd8 18. Na4 Rb4 19. Nb2 Nd7 20. Nd3 Rb5 21.
Rdc1 Rbb8 22. Bf1 Nf5 23. Rc3 Nd4 24. Ne1 Qb4 25. Rd3 Qxd2 26. Rxd2 Nf5 27. Nf3
a5 28. Bd3 Ne7 29. Rb2 Rb7 30. Ba6 Ra7 31. Be2 Rb8 32. Nd4 g6 33. Bf1 h6 34.
Bh3 Kg7 35. a3 Kf6 36. Re2 Nf8 37. Rce1 Rc7 38. g4 Rbb7 39. Re3 g5 40. f5 exf5
41. gxf5 h5 42. Bf1 g4 43. h3 Nxf5 44. Nxf5 Kxf5 45. Re5+ Kg6 46. hxg4 hxg4 47.
Bd3+ Kh6 48. Bf5 Rxb3 49. Bxg4 Ng6 50. R5e3 Rxe3 51. Rxe3 Kg5 52. Bd1 Nf4 53.
Bc2 Ne6 54. Rc3 Kf4 0-1

[Event "14. Obert Int. Sant Marti 2012"]
[Site "Barcelona ESP"]
[Date "2012.07.19"]
[Round "7.17"]
[White "Venkatesh, M R.."]
[Black "Paljusaj, Edmond"]
[Result "1-0"]
[WhiteElo "2506"]
[BlackElo "2334"]
[PlyCount "57"]
[EventDate "2012.07.13"]
[EventType "swiss"]
[EventRounds "9"]
[EventCountry "ESP"]
[SourceTitle "Ajedrez en Madrid"]
[Source "lmi"]
[SourceDate "2012.07.13"]
[SourceVersion "1"]
[SourceVersionDate "2019.06.21"]
[SourceQuality "1"]

1. e4 c5 2. Nc3 Nc6 3. f4 g6 4. Nf3 Bg7 5. Bb5 Nd4 6. O-O Nxb5 7. Nxb5 a6 8.
Nc3 e6 9. f5 Ne7 10. fxg6 hxg6 11. d3 e5 12. Qe1 d6 13. Rb1 a5 14. a3 a4 15.
Bd2 Bd7 16. b4 axb3 17. Rxb3 Bc6 18. Ng5 f5 19. Ne6 Qd7 20. Nxg7+ Kf7 21. exf5
gxf5 22. Nxf5 Nxf5 23. Ne4 Kg7 24. d4 Rh4 25. Nf6 Kxf6 26. Qxh4+ Ke6 27. Rxf5
Kxf5 28. Qh3+ Kf6 29. Rf3+ 1-0

[Event "14. Obert Int. Sant Marti 2012"]
[Site "Barcelona ESP"]
[Date "2012.07.19"]
[Round "7.18"]
[White "Gonzalez Perez, Arian"]
[Black "Ryan, Joseph"]
[Result "1/2-1/2"]
[WhiteElo "2452"]
[BlackElo "2300"]
[PlyCount "99"]
[EventDate "2012.07.13"]
[EventType "swiss"]
[EventRounds "9"]
[EventCountry "ESP"]
[SourceTitle "Ajedrez en Madrid"]
[Source "lmi"]
[SourceDate "2012.07.13"]
[SourceVersion "1"]
[SourceVersionDate "2019.06.21"]
[SourceQuality "1"]

1. Nf3 Nf6 2. c4 c6 3. d4 d5 4. e3 g6 5. Nc3 Bg7 6. Bd3 O-O 7. O-O e6 8. b4
dxc4 9. Bxc4 Nd5 10. Qb3 Nxc3 11. Qxc3 Nd7 12. Bb2 b6 13. Qb3 Bb7 14. Rfd1 Qe7
15. e4 a5 16. a3 axb4 17. axb4 c5 18. bxc5 Bxe4 19. cxb6 Bxf3 20. gxf3 Nxb6 21.
Qxb6 Qg5+ 22. Kf1 Rab8 23. Qc5 Qxc5 24. dxc5 Bxb2 25. Ra6 Rfc8 26. c6 Be5 27.
Kg2 Rc7 28. Re1 Bd4 29. Re2 Rb2 30. Rxb2 Bxb2 31. f4 Kf8 32. Kf3 Ke7 33. Bb5
Bd4 34. Ra5 Bc5 35. Ra8 Bd6 36. Ra4 h5 37. h3 Bc5 38. Ra8 Bd6 39. Ke4 Bc5 40.
f3 Bd6 41. Ra4 Rc8 42. Kd3 Rb8 43. Ra7+ Kf6 44. Kc4 Bxf4 45. Ba6 Rb1 46. Bc8
Rc1+ 47. Kb5 Rb1+ 48. Kc4 Rc1+ 49. Kb5 Rb1+ 50. Kc4 1/2-1/2